| 000 | 00594nam a2200205Ia 4500 | ||
|---|---|---|---|
| 003 | OSt | ||
| 005 | 20250610160341.0 | ||
| 008 | 210210b1980 xxu||||| |||| 00| 0 eng d | ||
| 040 | _cAL | ||
| 041 | _aKannada | ||
| 082 | _aK894.4 DHAS | ||
| 100 |
_aDHARAMADHIKARI _dಧರ್ಮಾಧಿಕಾರಿ _9214116 |
||
| 245 |
_aSampurna kranti _b ಸಂಪೂರ್ಣ ಕ್ರಾಂತಿ |
||
| 260 |
_aBengaluru _bBi En Gupta Smaraka Granthamale _c1980 |
||
| 300 | _aiv,80 | ||
| 650 |
_aJayaprakasha Narayana _9214117 |
||
| 690 |
_aKannada Prose _9214118 |
||
| 906 | _a040024 | ||
| 942 |
_2ddc _cBK |
||
| 999 |
_c90176 _d90176 |
||